Austrian Cities Map Quiz - Statistics

General Stats
  • This quiz has been taken 428 times
  • The average score is 8 of 12
Answers on the Map
Answers color-coded by a green-red scale on the quiz's map according to % correct below.
 
Answer Stats
Answer % Correct
Vienna
96%
Salzburg
88%
Innsbruck
87%
Graz
77%
Linz
68%
Bregenz
59%
Klagenfurt (Wörthersee)
58%
Villach
56%
Eisenstadt
55%
St. Pölten
55%
Steyr
41%
Wels
36%
No matching quizzes found
Score Distribution
Percent of People with Each Score
Percentile by Number Answered
Your Score History
You have not taken this quiz